Κατάλογος Βιβλιοθηκών Mediterranean College

Διεθνές Εμπόριο (Record no. 2163)

MARC details
000 -LEADER
fixed length control field 01610cam a22001934a 4500
005 - ΗΜΕΡΟΜΗΝΙΑ ΚΑΙ ΩΡΑ ΤΕΛΕΥΤΑΙΑΣ ΕΝΗΜΕΡΩΣΗΣ
Πεδίο ελέγχου 20250605164032.0
008 - FIXED-LENGTH DATA ELEMENTS--GENERAL INFORMATION
Πεδίο ελέγχου σταθερού μήκους 250528s ||||||||||||||||||||||||d
035 ## - SYSTEM CONTROL NUMBER
System control number 16688
020 ## - ISBN
ISBN 9607344413
040 ## - ΠΗΓΗ ΚΑΤΑΛΟΓΟΓΡΑΦΗΣΗΣ
Φορέας πρωτότυπης καταλογογράφησης MC Athens Campus Library
Γλώσσα καταλογογράφησης Ελληνικά, Μοντέρνα (1453-)
Modifying agency MC Athens Campus Library
Κανόνες περιγραφικής καταλογογράφησης AACR2
245 1# - ΤΙΤΛΟΣ ΚΑΙ ΔΗΛΩΣΗ ΥΠΕΥΘΥΝΟΤΗΤΑΣ
Τίτλος Διεθνές Εμπόριο
260 ## - PUBLICATION, DISTRIBUTION, ETC.
Name of publisher, distributor, etc. Σύγχρονη Εκδοτική,
Date of publication, distribution, etc. 2001
300 ## - PHYSICAL DESCRIPTION
Extent 496
520 ## - SUMMARY, ETC.
Summary, etc. Πρόλογος, Ιστορία του Διεθνούς Εμπορίου, Το Μερκαντιλικό Σύστημα, Το Συγκριτικό Πλεονέκτημα στο Διεθνές Εμπόριο, Το Προστατευτικό Σύστημα, Το Σύστημα Ελεύθερων Συναλλαγών, Τυποποιημένη Ορολογία Διεθνούς Εμπορίου ''Incoterms'', Μέσα και Τρόποι Πληρωμής στο Διεθνές Εμπόριο, Η Ενέγγυος Πίστωση στο Διεθνές Εμπόριο, Η Ασφάλιση των Εξαγωγικών Πιστώσεων, Αγορά Συναλλάγματος και Διεθνές Εμπόριο, Τα Διεθνή Εμπορικά Συμβόλαια, Οι Μεταφορές στο Διεθνές Εμπόριο, Εξωτερικό Εμπόριο και Τελωνιακές Διαδικασίες, Οι Όροι του Εμπορίου (Terms of Trade), Gatt και Παγκόσμια Οργάνωση Εμπορίου, Η Διαιτησία στο Διεθνές Εμπόριο, Le Commerce International.
700 1# - ΠΡΟΣΘΕΤΗ ΑΝΑΓΡΑΦΗ--ΦΥΣΙΚΟ ΠΡΟΣΩΠΟ
Personal name Δάσκαλος Γεώργιος
9 (RLIN) 2776
942 ## - ADDED ENTRY ELEMENTS (KOHA)
Koha item type Books
Holdings
Τύπος τεκμηρίου Βιβλιοθήκη Τρέχουσα τοποθεσία Barcode Αριθμός εισαγωγής Ημερομηνία απόκτησης Ταξιθετικό σύμβολο Αριθμός αντιτύπου Κατάσταση απόσυρσης Κατάσταση χαμένου Κατάσταση κατεστραμμένου Μη δανεισμός Σύνολο δανεισμών Ημερομηνία τελευταίας εμφάνισης Η τιμή ισχύει από
Books MC Athens Campus Library MC Athens Campus Library 9780000021625 4894 05/06/2025 382 DAS 1           05/06/2025 05/06/2025

MC Athens Campus Library
Πατησίων 94 & Κοδριγκτώνος 13, 104 34
Πελλήνης 8 & Πατησίων 107, 112 51
Τ: +30 210 8899600

MC Thessaloniki Campus Library
Ίωνος Δραγούμη 21, 54625 | Ίωνος Δραγούμη 15, 54625
Τ: +30 2310 287779 – Τ: +30 2314 440300